01135nam a22002897a 4500003000500000005001700005008004100022010001000063011001000073035001100083040000900094100003400103245025900137260004000396300004100436502010900477530003600586650002100622650001600643650001300659650001400672650002500686650002700711700002700738856006400765856001600829CHAP20220329143400.0080206s2008 mx a r 00010 spa d a95771 a96743 a107399 cCHAP1 aCarballo Sánchez, Martín.10aEvaluación de agentes de biocontrol contra la marchitez del agave causada por Fusarium spp bajo condiciones de invernadero en agave tequilero (Agave tequilana weber var. Azul) en Tequila, Jaliscoc/por Martín Carballo Sánchez y Abel Díaz Castillo aChapingo, Méx. :bEl autor,c2008 ax, 64 h. :bcuadros, gráfs., ilus. aTesis (Ing. Agr. Esp. en Parasitología Agrícola) -- UACH. Departamento de Parasitología Agrícola aTambién disponible en línea14aAgave tequilana.14aCercospora.14aErwinia.14aFusarium.14aMarchitez del agave.14aPlantasxEnfermedades.1 aDíaz Castillo, Abel. 3Finding aiduhttp://10.13.5.2/tesis/107399.pdfzTeclea aqui a1 n0001268